Name the College Football Team: MAC - Statistics

General Stats
  • This quiz has been taken 47 times
  • The average score is 11 of 12
Answer Stats
Picture Answer % Correct
Eastern Michigan
98%
Bowling Green
95%
Kent State
95%
Northern Illinois
95%
Akron
90%
Ball State
90%
Central Michigan
90%
Miami (OH)
90%
Buffalo
86%
Toledo
86%
Ohio
76%
Western Michigan
76%
No matching quizzes found
Score Distribution
Percent of People with Each Score
Percentile by Number Answered
Your Score History
You have not taken this quiz